Normal view MARC view
  • Samrat Sakshi- 2K231180 & Dr. Archana Pradhan – Guide

Entry Personal Name

Number of records used in: 1

001 - CONTROL NUMBER

  • control field: 211766

003 - CONTROL NUMBER IDENTIFIER

  • control field: OSt

005 - DATE AND TIME OF LATEST TRANSACTION

  • control field: 20250327145816.0

008 - FIXED-LENGTH DATA ELEMENTS

  • fixed length control field: 250327|| aca||aabn | a|a d

040 ## - CATALOGING SOURCE

  • Original cataloging agency: OSt
  • Transcribing agency: OSt

100 ## - HEADING--PERSONAL NAME

  • Personal name: Samrat Sakshi- 2K231180 & Dr. Archana Pradhan – Guide

670 ## - SOURCE DATA FOUND

  • Source citation: Work cat.: (OSt)365801: Samrat Sakshi- 2K231180 & Dr. Archana Pradhan – Guide, Importance of Interview Rounds in Recruitment ans Selection at EXALTICA LLP., December 2024